00324 2200145 4500245004800000250001100048100001200059650001700071650001600088005001900104260001800123041001400141084001400155336000900169 aGatau Hidup Selain Jadi AnehcRocsharhText aCet. 1 aRocshar aAutobiografi aKarya Siswa a20250527140359 aJakartac2025 aIndonesia a081 ROC g atext